Trenerzy piłki nożnej na literę M - Statystyki

Ogólne statystyki
  • Ten quiz został rozwiązany 37 razy
    21 od ostatniego zresetowania
  • Średni wynik to 6 z 16
Statystyki odpowiedzi
Prowadzone zespoły Odpowiedź % Poprawnych
FC Porto 2002-2004 Chelsea 2004-2007 2013-2015 Inter Mediolan 2008-2010 Real Madryt 2010-2013 Manchester United 2016-2018 Jose Mourinho
95%
Lech Poznań 2003-2006 Legia Warszawa 2020-2021 Polska 2022 Czesław Michniewicz
84%
Everton 2002-2013 Manchester United 2013-2014 West Ham 2019-2024 David Moyes
84%
Inter Mediolan 2004-2008 2014-2016 Manchester City 2009-2013 Włochy 2018-2023 Roberto Mancini
79%
Everton 2013-2016 Belgia 2016-2022 Portugalia 2023- Roberto Martinez
79%
Leicester 2023-2024Chelsea 2024- Enzo Maresca
74%
Paragwaj 2007-2011 FC Barcelona 2013-2014 Argentyna 2014-2016 Meksyk 2019-2022 Gerardo Martino
21%
Francja 1984-1988 Maroko 1995-2000 Wybrzeże Kości Słoniowej 2004-2006 Henri Michel
21%
VfB Stuttgart 2001-2004 Bayern Monachium 2004-2007 VfL Wolfsburg 2007-2009 Schalke 2009-2011 Felix Magath
16%
Ajax Amsterdam 1981-1985 KV Mechelen 1986-1989 Anderlecht Bruksela 1989-1992 PSV Eindhoven 1993-1995 Aad de Mos
11%
Feyenoord Rotterdam 2000-2004 Borussia Dortmund 2004-2006 Holandia 2008-2012 Bert van Marwijk
11%
Argentyna 1974-1982 FC Barcelona 1983-1984 Cesar Luis Menotti
5%
Real Madryt 1960-1974 Sevilla 1979-1982 Hiszpania 1982-1988 Miguel Munoz
5%
Ajax Amsterdam 1965-1971 FC Barcelona 1971-1975 1976-1978 Holandia 1974 1986-1988 1990-1992 Rinus Michels
5%
Japonia 2018- Hajime Moriyasu
0%
Irlandia 1996-2002 2018-2020 Sunderland 2003-2006 Wolverhampton 2006-2012 Ipswich Town 2012-2018 Mick McCarthy
0%
Nie znaleziono quizów pasujących do podanych kryteriów
Rozkład punktacji
Procent ludzi z każdym wynikiem
Percentyl według liczby udzielonych odpowiedzi
Twoja historia wyników
Nie rozwiązałeś tego quizu od ostatniego zresetowania